College Quizbowl Stats
College Quizbowl Stats
Circuits
Seasons
Sets
Records
Detailed Stats
About
Loading...
2024 Penn Bowl Texas
Tossups
Bonuses
Players
Teams
Categories (Tossup)
Categories (Bonus)
Parker Knudsen
Texas B
Categories
Category
Powers
Gets
Negs
BBs
Points
Earliest Buzz
Avg. Buzz
First Buzzes
Top 3 Buzzes
Science - Other Science
0
2
0
1
20
96
97.00
1
2
Science - Physics
0
2
0
0
20
101
102.50
0
2
Science - Biology
0
1
0
0
10
109
109.00
1
1
Science - Chemistry
0
0
1
0
-5
0.00
0
0
Buzzes
Category
Answer
Value
Buzz Position
Science - Chemistry
metal alloys
-5
88
Science - Other Science
oil refining
10
96
Science - Other Science
volcanoes
10
98
Science - Physics
Richard Feynman
10
101
Science - Physics
magnetic monopoles
10
104
Science - Biology
palm trees
10
109
Science - Other Science
measure
0
141
Previous
1
Next